Mildly Misworded Movie Titles Quiz Stats

Quiz Updated Nov 24, 2014

Challenge
Share
Tweet
Embed
Score 0/30 Timer 05:00
0 Plays Today
Slightly Wrong Movie % Correct
Moan LisaMona Lisa
97%
The Hurt LickerThe Hurt Locker
96.5%
Can of SteelMan of Steel
94.1%
The Golf of Wall StreetThe Wolf of Wall Street
93.1%
Dad SantaBad Santa
92.4%
Chariots of FurChariots of Fire
92.1%
The French ConfectionThe French Connection
91.4%
Pacific RumPacific Rim
90.5%
Weenie ToddSweeney Todd
90.2%
Tasing AmyChasing Amy
90%
The Public EnemaThe Public Enemy
89.7%
Scent of a WombScent of a Woman
83.3%
Angels with Dirty FecesAngels with Dirty Faces
83.2%
Das BoobDas Boot
81.2%
Sullivan's TravailsSullivan's Travels
80.1%
Slightly Wrong Movie % Correct
Wild BrunchWild Bunch
79.2%
Last Mango in ParisLast Tango in Paris
75.9%
The Munificent AmbersonsThe Magnificent Ambersons
71.1%
Dumb Yankees!Damn Yankees!
71%
La Dolce PitaLa Dolce Vita
68.8%
Pimping TomPeeping Tom
66.4%
Out of PaprikaOut of Africa
65.6%
The Dirty CousinThe Dirty Dozen
57.3%
Dangerous LesionsDangerous Liaisons
55.9%
Bag the DogWag the Dog
55.2%
The Scarlet PimpleThe Scarlet Pimpernel
48.6%
The 39 StumpsThe 39 Steps
46.5%
The Seventh EelThe Seventh Seal
45.9%
Blood SampleBlood Simple
45.9%
Leo BravoRio Bravo
43.7%

You're not logged in!

Compare scores with friends on all Sporcle quizzes.
Join for Free
OR
Log In

You Might Also Like...

Show Comments

Extras

Top Quizzes Today


Score Distribution

Your Account Isn't Verified!

In order to create a playlist on Sporcle, you need to verify the email address you used during registration. Go to your Sporcle Settings to finish the process.

Report this User

Report this user for behavior that violates our Community Guidelines.

Details: